000 00747nam a22002417a 4500
999 _c634
_d634
003 AR-CdUCM
008 190225b ||||| |||| 00| 0 spa d
020 _a8449964164
040 _aMUNICIPALIDAD PROVINCIAL DEL CUSCO
_cBIBLIOTECA MUNICIPAL DEL CUSCO
041 _hgre
082 _a889 /
_bP46
100 _aPerse, Saint John
_92465
245 _aAnĂ¡basis y otros poemas /
_cPerse, Saint John
260 _aBuenos Aires :
_bOrbis,
_c1911.
300 _a159 paginas ;
_c20cm.
505 _aPara Acelerar una infancia -- Anabasis -- Cancion -- Exilio -- Mares...
650 _aLas campanas
_92466
650 _aEl muro
_92467
650 _aLa ciudad
_92468
650 _aLos loros
_92469
942 _2ddc
_cLIBROS
945 _apjha
_d2019-02-25